000 00688nam a22002057a 4500
999 _c15796
_d15796
003 AR-CdUCM
008 190430b ||||| |||| 00| 0 spa d
040 _aMUNICIPALIDAD PROVINCIAL DEL CUSCO
_cBIBLIOTECA MUNICIPAL DEL CUSCO
082 _a306 /
_bP792
100 _aPonce Sanginés, Carlos
_930542
245 _aTiwanaku :
_bun estado precolombino /
260 _aBolivia :
_bProducciones Cima,
_c2001.
300 _a73 páginas ;
_bFotografías, Ilustraciones,
_c20 cm.
505 _aContenido: Arqueología política.
650 _aArqueología política
_934995
650 _aTiawanaku
_934996
650 _aArqueología
_9371
942 _2ddc
_cLIBROS
945 _adavv
_d30/04/2019